| 000 | 00693nam a2200181 i 4500 | ||
|---|---|---|---|
| 001 | 132198 | ||
| 003 | ES-MaACL | ||
| 005 | 20251012173856.0 | ||
| 007 | t| | ||
| 008 | 070214s1910 sp r ||||1| spa d | ||
| 100 | 1 |
_aRodríguez Villa, Antonio, _d1843-1912 _998860 |
|
| 245 | 1 | 3 |
_aEl teniente general don Pablo Morillo, primer conde de Cartagena, marqués de la Puerta _b: (1778-1837) : estudio biográfico / _cdocumentado por Antonio Rodríguez Villa. |
| 260 |
_aMadrid : _b[s. n.], _c1910 ( _fEstablecimiento Tipográfico de Fortanet) |
||
| 300 |
_a4 v. ; _c23 cm. |
||
| 600 | 1 | 7 |
_aMorillo, Pablo, _d1778-1837 _2 _9155629 |
| 852 |
_aES-MaACL _jG-363-66 |
||
| 999 |
_c132198 _d132198 |
||